MARC
| LEADER | 00000 a a2200000 04500 | ||
|---|---|---|---|
| 001 | 31105 | ||
| 003 | |||
| 040 | |||
| 020 | |a 950-9231-95-9 | ||
| 090 | |a 196903 | ||
| 100 | |a Torres Ribeiro, Anca Clara | ||
| 245 | |a El Rostro urbano de América Latina . O Rostro urbano da America Latina / |c Anca Clara Torres Ribeiro | ||
| 260 | |a Buenos Aires: |b CLACSO | ||
| 300 | |a 371 p. | ||
| 650 | |a DESARROLLO URBANO | ||
| 650 | |a CIUDADES | ||
| 650 | |a GLOBALIZACION | ||
| 650 | |a CIENCIA Y TECNOLOGIA | ||
| 650 | |a DESARROLLO ECONOMICO | ||
| 650 | |a CAMBIO SOCIAL | ||
| 700 | |a comp | ||
| 999 | |c 12008 |d 12008 | ||



